000
00328nam a22001457a 4500
008
230518b ||||| |||| 00| 0 eng d
020
_a
0415207371
041
_a
eng
080
_a
030
082
_a
030LOP
100
_a
44
101
_a
ENCI
245
_a
THE ROUTLEDGE COMPANION TO AESTHETICS
_c
LOPES .M C
942
_2
udc
_c
BK
999
_c
59775
_d
59775